=LDR 00000nam 2200000 4500 =001 INLIS000000000041423 =005 20201223020019 =035 ##$$a 0010-061300000041423 =008 201223################g##########0#ind## =245 ##$$a Growing metropolitan Subur-bia : $b A comparative sociological study on Tokyo and Jakarta /$c Hiroyoshi Kano (ed) =250 ##$$a ed.1 =300 ##$$a xii, 276 hlm, : $b ilus, ; $c 16 x 24 cm =020 ##$$a 979-461-482-3 =041 ##$$a ind =082 ##$$a 307.7 =084 ##$$a 307.7 GRO =090 ##$$a 307.7 Gro g =260 ##$$a Jakarta :$b Obor Indonesia,$c 2004 =650 #4$$a Growing Metropolitan =700 #$$a Hiroyoshi Kano (ed.) =850 ##$$a NBPNMAT =990 ##$$a 20616515 =990 ##$$a 20616514 =990 ##$$a 37983798 =990 ##$$a 20616512 =990 ##$$a 20616515 =990 ##$$a 20616514 =990 ##$$a 24212421 =990 ##$$a 20616513 =990 ##$$a 20616515 =990 ##$$a 20616514 =990 ##$$a 20616512